| 000 | 00648nam a2200229Ia 4500 | ||
|---|---|---|---|
| 003 | OSt | ||
| 005 | 20221007080033.0 | ||
| 006 | a|||||r|||| 00| 0 | ||
| 007 | ta | ||
| 008 | 221006b |||||||| |||| 00| 0 eng d | ||
| 024 | _a8,682 | ||
| 037 | _cTextual | ||
| 040 |
_aFLL _cFLL _beng |
||
| 041 |
_2eng _aeng |
||
| 082 | _aZ2,2,3y7N77N69, L8.3 | ||
| 100 |
_aTewari O.P. Au. _9683064 |
||
| 245 | 0 | _aRent Control reporter digest 1969-1977 | |
| 260 |
_aNew Delhi _bSeven stars publications India _c1980 |
||
| 300 |
_a1178p _ccm. |
||
| 942 |
_hZ2,2,3y7N77N69, L8.3 _cTEXL _2CC |
||
| 999 |
_c1158174 _d1158174 |
||